000 00420nam a2200169 4500
003 LK-CoMWRAF
005 20240103113120.0
008 230829b |||||||| |||| 00| 0 eng d
040 _aLK-CoMWRAF
_dLK-CoMWRAF
_eLK-CoMWRAF
041 _aeng
082 _a823
_bBAY
100 _aBay, Jean
245 _aBarbie : I Got So Mad
260 _aNew Delhi :
_bSterling Publishers
_c1999
650 _aChild Srory
942 _cBK
999 _c3308
_d3308